Lí thuyết tài chính

Tallennettuna:
Bibliografiset tiedot
Päätekijä: Dương Thị Bình Minh...[et al.]
Aineistotyyppi: Kirja
Kieli:Undetermined
Julkaistu: Tp. HCM Trường Đại học Tài Chính - Kế toán Tp. HCM 1996
Aiheet:
Tagit: Lisää tagi
Ei tageja, Lisää ensimmäinen tagi!
Thư viện lưu trữ: Trung tâm Học liệu Trường Đại học Cần Thơ
LEADER 00537nam a2200169Ia 4500
001 CTU_28848
008 210402s9999 xx 000 0 und d
082 |a 332.1 
082 |b M312/1996 
100 |a Dương Thị Bình Minh...[et al.] 
245 0 |a Lí thuyết tài chính 
245 0 |c Dương Thị Bình Minh...[et al.] 
260 |a Tp. HCM 
260 |b Trường Đại học Tài Chính - Kế toán Tp. HCM 
260 |c 1996 
650 |a finance 
980 |a Trung tâm Học liệu Trường Đại học Cần Thơ